Ibadan journal of peace and development (Record no. 38236)

MARC details
000 -LEADER
fixed length control field 00589nam a2200169Ia 4500
022 ## - INTERNATIONAL STANDARD SERIAL NUMBER
ISSN 22767267
050 ## - CALL MARK
Classification number JZ 5584.A35 .I23/
245 #0 - TITLE STATEMENT
Title Ibadan journal of peace and development
260 ## - PUBLICATION, DISTRIBUTION, ETC. (IMPRINT)
Place of publication Ibadan, Nigeria
260 ## - PUBLICATION, DISTRIBUTION, ETC. (IMPRINT)
Name of publisher Institute for peace and strategic studies university of ibadan
260 ## - PUBLICATION, DISTRIBUTION, ETC. (IMPRINT)
Year of publication 2015
300 ## - PHYSICAL DESCRIPTION
Number of Pages viii, 232 p. 24 cm.
650 ## - SUBJECT ADDED ENTRY--TOPICAL TERM
Topical Term Peace-building--Nigeria--Periodicals. Conflict management--Nigeria--Periodicals. Sustainable development--Nigeria--Periodicals.
942 ## - ADDED ENTRY ELEMENTS (KOHA)
Koha item type Serials

No items available.